[Event "CRO-chT1B 19th"]
[Site "Sibenik"]
[Date "2010.09.10"]
[Round "7"]
[White "Brulic, Denis"]
[Black "Dimitrijevic, Darko"]
[Result "1-0"]
[WhiteElo "2331"]
[BlackElo "2262"]
[PlyCount "81"]
[EventDate "2010.09.04"]
[EventType "team-tourn"]
[EventRounds "9"]
[EventCountry "CRO"]
[SourceTitle "CBM 138 Extra"]
[Source "ChessBase"]
[SourceDate "2010.10.29"]
[SourceVersion "1"]
[SourceVersionDate "2010.10.29"]
[SourceQuality "1"]

1. d4 d5 2. c4 c6 3. Nf3 f5 4. g3 Nf6 5. Bg2 Be6 6. cxd5 Bxd5 7. Nc3 e6 8. 0-0 Bd6 9. Qc2 0-0 10. Ng5 Qd7 11. f3 h6 12. Nh3 e5 13. dxe5 Bxe5 14. Rd1 Bxc3 15. bxc3 Qc8 16. Nf4 Bf7 17. Bh3 Rd8 18. Rxd8+ Qxd8 19. Bxf5 Qb6+ 20. Kg2 Nbd7 21. Be6 Bxe6 22. Nxe6 Re8 23. Nd4 c5 24. Nf5 Qe6 25. e4 c4 26. Be3 Ne5 27. Nd4 Qd7 28. a4 Nd3 29. Qa2 Qf7 30. Nb5 Qe6 31. Nc7 Qc6 32. Nxe8 Nxe4 33. fxe4 Qxe4+ 34. Kf1 Qxe3 35. Qxc4+ Kf8 36. Qd4 Qf3+ 37. Kg1 Kxe8 38. Rf1 Qe2 39. Qxa7 Qe4 40. Qb8+ Ke7 41. Qf8+ 1-0

[Event "CRO-chT1B 19th"]
[Site "Sibenik"]
[Date "2010.09.06"]
[Round "3"]
[White "Bilobrk, Franjo"]
[Black "Brulic, Denis"]
[Result "1-0"]
[WhiteElo "2368"]
[BlackElo "2331"]
[PlyCount "95"]
[EventDate "2010.09.04"]
[EventType "team-tourn"]
[EventRounds "9"]
[EventCountry "CRO"]
[SourceTitle "CBM 138 Extra"]
[Source "ChessBase"]
[SourceDate "2010.10.29"]
[SourceVersion "1"]
[SourceVersionDate "2010.10.29"]
[SourceQuality "1"]

1. d4 Nf6 2. Nf3 e6 3. g3 b5 4. Bg2 Bb7 5. Bg5 c5 6. c3 cxd4 7. cxd4 Be7 8. 0-0 0-0 9. a4 b4 10. Nbd2 Na6 11. Re1 Rc8 12. e4 d5 13. e5 Ne4 14. Bxe7 Qxe7 15. h4 f5 16. exf6 gxf6 17. Nh2 f5 18. Ndf3 Nb8 19. Ne5 Nd7 20. Nxd7 Qxd7 21. Nf3 Qc7 22. Rc1 Qxc1 23. Qxc1 Rxc1 24. Rxc1 Rc8 25. Rxc8+ Bxc8 26. Ne5 Nd2 27. a5 Nc4 28. Nc6 Bd7 29. Nxb4 Nxa5 30. Nd3 Nc6 31. Ne5 Nxe5 32. dxe5 Kf7 33. f3 Bb5 34. Kf2 d4 35. Bf1 Bxf1 36. Kxf1 Kg6 37. Ke2 f4 38. g4 h5 39. g5 Kf5 40. Kd3 Kxe5 41. Kc4 a5 42. b3 Kf5 43. Kxd4 e5+ 44. Kd5 e4 45. fxe4+ Kg4 46. g6 f3 47. g7 f2 48. g8Q+ 1-0